MESTSKÁ KNIŽNICA GIRALTOVCE  - online katalóg 

Hrady a zámky v Československu (Record no. 14994)

000 -NÁVESTIE
fixed length control field 01111nam a2200289 a 4500
008 - ÚDAJE S PEVNOU DĹŽKOU – VŠEOBECNÉ INFORMÁCIE
fixed length control field 951027s1990||||[C 0 slo c
020 ## - MEDZINÁRODNÉ ŠTANDARDNÉ ČÍSLO KNIHY (ISBN)
Medzinárodné štandardné číslo knihy (ISBN) 8021701005
Údaje o dostupnosti 200 Kčs.
Qualifying information (15000 výtl.)
040 ## - ZDROJ KATALOGIZÁCIE
Pôvodná katalogizujúca agentúra SNK
Jazyk katalogizácie slo
Prepisujúca agentúra SNK
Konvencie popisu AACR2
041 1# - KÓD JAZYKA
Kód jazyka textu/zvukovej stopy alebo samostatných nápisov slo
Kód jazyka originálu a/alebo sprostredkujúcich prekladov textu slo
044 ## - KÓD KRAJINY VYDAVATEĽA/PRODUCENTA
Kód krajiny MARC xo
Kód krajiny ISO SK
080 ## - ČÍSLO MEDZINÁRODNÉHO DESATINNÉHO TRIEDENIA (MDT)
Číslo Medzinárodného desatinného triedenia (MDT) 728.8(437)(084.12)
245 10 - NÁZOV
Názov Hrady a zámky v Československu
Zvyšok názvu Premeny slohov a životného štýlu ; Dalibor Kusák, Jiří Burian, Eva Križanová, Ivan Muchka, Dalibor Kusák, Jiří Kuthan, Karel Plicka, Vilém Reichmann, Michal Houba
250 ## - ÚDAJ O PORADÍ VYDANIA
Údaj o poradí vydania 1., vyd.
260 ## - VYDAVATEĽSKÉ ÚDAJE, DISTRIBÚCIA ATĎ.
Miesto publikovania, distribúcie atď. Maritn
Názov vydavateľa, distibútora atď. Osveta
Dátum publikovania, distribúcie atď. 1990
Miesto výroby Martin
Výrobca Tlačiarne SNP
300 ## - FYZICKÝ POPIS
Rozsah 384 s., 68,55 AH
Ďalšie fyzické detaily Fot.
Rozmery 30 cm
500 ## - VŠEOBECNÁ POZNÁMKA
Formátovaná poznámka o obsahu Res. rus., nem., angl., franc. a špan. Spoluvyd. Nakl. Panoráma v Prahe. Ilustr. na front. a predsádkach.
700 1# - PRIDANÝ VSTUP – OSOBNÉ MENO
Osobné meno Kusák, Dalibor
Kód roly aut
700 1# - PRIDANÝ VSTUP – OSOBNÉ MENO
Osobné meno Burian, Jiří
Kód roly aut
700 1# - PRIDANÝ VSTUP – OSOBNÉ MENO
Osobné meno Križanová, Eva
Kód roly aut
700 1# - PRIDANÝ VSTUP – OSOBNÉ MENO
Osobné meno Muchka, Ivan
Kód roly aut
700 1# - PRIDANÝ VSTUP – OSOBNÉ MENO
Osobné meno Kusák, Dalibor
Kód roly bkd
700 1# - PRIDANÝ VSTUP – OSOBNÉ MENO
Osobné meno Kuthan, Jiří
Kód roly bkd
700 1# - PRIDANÝ VSTUP – OSOBNÉ MENO
Osobné meno Plicka, Karel
Kód roly bkd
700 1# - PRIDANÝ VSTUP – OSOBNÉ MENO
Osobné meno Reichmann, Vilém
Kód roly bkd
700 1# - PRIDANÝ VSTUP – OSOBNÉ MENO
Osobné meno Houba, Michal
Kód roly bkd
958 ## - Formálny deskriptor
Formálny deskriptor A
Holdings
Stav stiahnutia (Blokovanie) (Withrawn status) Stav straty Zdroj klasifikácie pre skladovanie Stav poškodenia (Damaged status) Nie pre výpožičky (Not for loan) Spôsob nadobudnutia (Collection code) Trvalé umiestnenie Aktuálne umiestnenie Dátum nadobudnutia Náklady, bežná kúpna cena Inventárne číslo (prírastkové číslo) Celkom výpožičky Full call number Čiarový kód Dátum posledného výskytu Dátum poslednej výpôžičky Cena s účinnosťou od Typ jednotky Koha
          Kúpa Mestská knižnica Giraltovce Mestská knižnica Giraltovce 2019-11-29 200.00 14032 1 I 0131 I0131 2024-07-15 2024-06-24 2019-11-29 Odborná literatúra pre dospelých

Powered by Koha